Statistics for Musical Direction Words Quiz

Click here to take the quiz!

General Stats

  • This quiz has been taken 24,792 times
    (19,662 since last reset)
  • The average score is 13 of 24

Answer Stats

DefinitionWord% Correct
LoudForte
87%
SoftPiano
87%
Very softPianissimo
74%
Very loudFortissimo
73%
Getting louderCrescendo
71%
Played by just one personSolo
70%
Dot that indicates notes
should be detached
Staccato
65%
Getting softerDiminuendo
64%
Fast, quick and brightAllegro
61%
Somewhat loudMezzo forte
58%
Somewhat softMezzo piano
57%
Very slowLargo
49%
At a walking paceAndante
48%
Notes should be smooth
and connected
Legato
46%
ModeratelyModerato
45%
For strings, plucked rather than bowedPizzicato
39%
Slow and statelyAdagio
37%
SweetlyDolce
37%
Very fastPresto
37%
Slowing downRitardando
34%
Speeding upAccelerando
30%
Birdseye that means a note
should be held
Fermata
29%
Played by all togetherTutti
29%
Chord played in series like a harpArpeggio
28%

Score Distribution

Percentile by Number Answered

Percent of People with Each Score

Your Score History

You have not taken this quiz since the last reset